| Поле | Название | Значение |
| |
Тип записи |
a |
| |
Библиографический уровень |
m |
| 001 |
Контрольный номер |
RU/IS/BASE/297785793 |
| 005 |
Дата корректировки |
20201206204641.0 |
| 010 |
Индекс ISBN |
__ |
| a |
ISBN |
978-985-15-0028-0 |
| d |
Цена |
300-00 |
| 101 |
Язык документа |
0_ |
| a |
Язык текста |
rus |
| 200 |
Заглавие и сведения об ответственности |
1_ |
| a |
Заглавие |
500 пятиминутных развивающих игр для детей от 3 до 6 лет |
| f |
Первые сведения об ответственности |
Дж. Силберг ; [пер. с англ. Е. Г. Гендель] |
| b |
Общее обозначение материала |
Текст |
| 210 |
Выходные данные |
__ |
| a |
Место издания |
Минск |
| c |
Издательство |
Попурри |
| d |
Дата издания |
2007 |
| 215 |
Физическое описание |
__ |
| a |
Объем |
464 с. |
| 330 |
Аннотация |
__ |
| a |
Аннотация |
Представлены интересные способы развития у дошкольников первоначальных навыков целенаправленной умственной деятельности. |
| 606 |
Тематические рубрики |
__ |
| a |
Основная рубрика |
Образование. Педагогика |
| 606 |
Тематические рубрики |
__ |
| a |
Основная рубрика |
Дошкольная педагогика |
| 610 |
Ключевые слова |
__ |
| a |
Ключевые слова |
развивающие игры; детские игры; дошкольники; дошкольный возраст; игры для детей; игры на внимание; игры на ловкость; игры с буквами; игры с водой; игры с бумагой; игры с загадками; игры с кубиками; игры с числами; игры со словами; языковые игры; театрализованные игры; музыкальные игры; научные игры; развитие мышления |
| 686 |
Индексы других классификаций |
__ |
| a |
Классификационный индекс |
74.100.575.2 |
| 700 |
Автор |
_1 |
| a |
Фамилия |
Силберг |
| b |
Имя |
Д. |
| 4 |
Код отношения |
070 |
| 702 |
Вторичная интеллектуальная ответственность |
_1 |
| a |
Фамилия |
Гендель |
| b |
Имя |
Е. Г. |
| 4 |
Код отношения |
Переводчик |
| 4 |
Код отношения |
730 |
| 801 |
Источник записи |
_0 |
| a |
Страна |
RU |
| b |
Организация |
Муниципальное бюджетное учреждение культуры "Централизованная библиотечная система" г. Сургут (Центральная городская библиотека им. А. С. Пушкина) |
| g |
Правила каталогизации |
КиК/Елгина |
| 801 |
Источник записи |
_1 |
| a |
Страна |
RU |
| b |
Организация |
Муниципальное бюджетное учреждение культуры "Централизованная библиотечная система" г. Сургут (Центральная городская библиотека им. А. С. Пушкина) |
| g |
Правила каталогизации |
КиК/Елгина |
| 852 |
Данные о местонахождении |
__ |
| j |
Шифр хранения |
74.100.575.2 |
| c |
Каталожный индекс |
74.1 |
| i |
Авторский знак |
С 36 |
| 901 |
Тип документа |
__ |
| t |
Тип документа |
m |
| 903 |
Характеристики (МАРС) |
__ |
| a |
Дата передачи |
20090611 |
| 990 |
Данные о заказе (DOS) |
__ |
| j |
Количество экземпляров (DOS) |
1 |
| t |
N записи в КСУ для И/У (DOS) |
200906 |